|
|
|
|
| LEADER |
00000nam0a2200000 4500 |
| 001 |
279865 |
| 005 |
20231101235242.0 |
| 020 |
|
|
|a RU
|b 86-63379
|
| 035 |
|
|
|a (RuTPU)RU\TPU\book\303170
|
| 090 |
|
|
|a 279865
|
| 100 |
|
|
|a 20141224d1986 k y0rusy5003 ca
|
| 101 |
1 |
|
|a rus
|c ger
|
| 102 |
|
|
|a RU
|
| 105 |
|
|
|a a z 001zy
|
| 200 |
1 |
|
|a Керамические плитки и плиты в строительстве
|e пер. с нем.
|f Э. У. Нимер
|
| 210 |
|
|
|a Москва
|c Стройиздат
|d 1986
|
| 215 |
|
|
|a 192 с.
|c ил.
|
| 320 |
|
|
|a Библиогр.: с. 187-189
|
| 606 |
1 |
|
|a Плиты облицовочные
|2 stltpush
|3 (RuTPU)RU\TPU\subj\49272
|9 68073
|
| 610 |
1 |
|
|a плиточная керамика
|
| 610 |
1 |
|
|a производство
|
| 610 |
1 |
|
|a плиточные работы
|
| 610 |
1 |
|
|a облицовка
|
| 610 |
1 |
|
|a укладка
|
| 610 |
1 |
|
|a применение
|
| 610 |
1 |
|
|a строительство
|
| 610 |
1 |
|
|a очистка
|
| 610 |
1 |
|
|a уход
|
| 610 |
1 |
|
|a убытки
|
| 610 |
1 |
|
|a предотвращение
|
| 610 |
1 |
|
|a износ
|
| 675 |
|
|
|a 693.695
|v 4
|
| 700 |
|
1 |
|a Нимер
|b Э. У.
|
| 801 |
|
0 |
|a RU
|b RuMRKP
|c 19950704
|g psbo
|
| 801 |
|
1 |
|a RU
|b 63413507
|c 20141224
|
| 801 |
|
2 |
|a RU
|b 63413507
|c 20170420
|g RCR
|
| 942 |
|
|
|c BK
|